000 00326nam a2200133 i 4500
001 bg
100 1 _aMOLINOVSKIJ, T. I.
245 0 _aOpiedelenia atomnoj struktury kristalov /
_cT.I. Molinovskij.
260 _aKisinev,
_c1973.
040 _cBPK
041 _apol
942 _cKS
008 s pl f |000 0 pol
999 _c25719
_d25719
856 _uhttp://koha.tu.koszalin.pl/cgi-bin/koha/opac-detail.pl?biblionumber=25719
_yKatalog online BPK